E71(関空道など)のIC - Statistics

General Stats
  • This quiz has been taken 38 times
  • The average score is 6 of 7
Answer Stats
関空道 % Correct
JCT りんくう
100%
JCT りんくう
100%
IC りんくう
100%
JCT 泉佐野
89%
IC 泉佐野
89%
IC 関西国際空港
68%
IC 上之郷
43%
No matching quizzes found
Score Distribution
Percent of People with Each Score
Percentile by Number Answered
Your Score History
You have not taken this quiz